Computers and Data Processing Today

Na minha lista:
Detalhes bibliográficos
Autor principal: Alkins, Arthur C.
Formato: Livro
Idioma:inglês
Publicado em: Homewood Dow Jones 1986
Edição:2. ed.
Tags: Adicionar Tag
Sem tags, seja o primeiro a adicionar uma tag!

MARC

LEADER 00000nam a2200000 4500
001 c023782
005 20221220071200.5
041 0 |a eng 
044 |a US 
245 1 0 |a Computers and Data Processing Today  |c Arthur C. Alkins 
250 |a 2. ed. 
264 1 |a Homewood  |b Dow Jones  |c 1986 
300 |a 193 s. 
100 1 |a Alkins, Arthur C.